000 00431nam a2200181Ia 4500
001 10398
005 20260306161829.0
008 260306t1988||||xx |||||||||||||| ||spa||
041 _aESP
082 _a923.1
_bL95
100 _aLucena Salmoral, Manuel
_eAUT
245 0 _aPedro II:
_bemperador de Brasil
260 _c1988
300 _a126 páginas :
_c20 cm.
650 _aGEN
654 _aCHU
942 _cLIB
_dJUS
_fJUS
_2ddc
_n
999 _c10398
_d10398